ARRUPE JESUIT UNIVERSITY

CORONAVIRUS -STOP THE SPREAD - CLEAN,DISINFECT,COVER

More than meets the ear : (Record no. 119740)

MARC details
000 -LEADER
fixed length control field 01711cam a2200349 a 4500
001 - CONTROL NUMBER
control field 15221671
003 - CONTROL NUMBER IDENTIFIER
control field ARRUPE
005 - DATE AND TIME OF LATEST TRANSACTION
control field 20140129121445.0
008 - FIXED-LENGTH DATA ELEMENTS--GENERAL INFORMATION
fixed length control field 080317s2008 miua b 001 0 eng
010 ## - LIBRARY OF CONGRESS CONTROL NUMBER
LC control number 2008012008
020 ## - INTERNATIONAL STANDARD BOOK NUMBER
International Standard Book Number 9780802803849 (pbk. : alk. paper)
020 ## - INTERNATIONAL STANDARD BOOK NUMBER
International Standard Book Number 0802803849 (pbk. : alk. paper)
035 ## - SYSTEM CONTROL NUMBER
System control number (OCoLC)ocn214282460
035 ## - SYSTEM CONTROL NUMBER
System control number (OCoLC)214282460
Canceled/invalid control number (OCoLC)213452277
040 ## - CATALOGING SOURCE
Original cataloging agency DLC
Transcribing agency DLC
Modifying agency BAKER
-- YDXCP
-- BTCTA
-- EMT
-- C#P
-- BWX
-- DLC
050 00 - LIBRARY OF CONGRESS CALL NUMBER
Classification number BS1171.3
Item number .M38 2008
082 00 - DEWEY DECIMAL CLASSIFICATION NUMBER
Classification number 221.6/6
Edition number 22
300 ## - PHYSICAL DESCRIPTION
Other physical details ill. ;
Dimensions 23 cm.
100 1# - MAIN ENTRY--PERSONAL NAME
Personal name Matthews, Victor Harold.
9 (RLIN) 7189
245 10 - TITLE STATEMENT
Title More than meets the ear :
Remainder of title discovering the hidden contexts of Old Testament conversations /
Statement of responsibility, etc Victor H. Matthews.
260 ## - PUBLICATION, DISTRIBUTION, ETC. (IMPRINT)
Place of publication, distribution, etc Grand Rapids, Mich. :
Name of publisher, distributor, etc William B. Eerdmans Pub.,
Date of publication, distribution, etc 2008.
300 ## - PHYSICAL DESCRIPTION
Extent xii, 198 p. :
504 ## - BIBLIOGRAPHY, ETC. NOTE
Bibliography, etc Includes bibliographical references (p. 169-187) and indexes.
505 0# - FORMATTED CONTENTS NOTE
Formatted contents note Analyzing biblical dialogue with sociolinguistics and discourse analysis -- Discourse and cognition in the story of Judah and Tamar -- Conversation analysis and embedded dialogue -- Dialogue as a social kaleidoscope : using positioning theory -- Spatiality and context.
630 00 - SUBJECT ADDED ENTRY--UNIFORM TITLE
Uniform title Bible.
Name of part/section of a work Old Testament
General subdivision Criticism, interpretation, etc.
9 (RLIN) 7190
650 #0 - SUBJECT ADDED ENTRY--TOPICAL TERM
Topical term or geographic name as entry element Dialogue in the Bible.
9 (RLIN) 7191
650 #0 - SUBJECT ADDED ENTRY--TOPICAL TERM
Topical term or geographic name as entry element Conversation analysis.
9 (RLIN) 7192
650 #0 - SUBJECT ADDED ENTRY--TOPICAL TERM
Topical term or geographic name as entry element Dialogue analysis.
9 (RLIN) 7193
856 41 - ELECTRONIC LOCATION AND ACCESS
Materials specified Table of contents only
Uniform Resource Identifier <a href="http://www.loc.gov/catdir/toc/ecip0814/2008012008.html">http://www.loc.gov/catdir/toc/ecip0814/2008012008.html</a>
906 ## - LOCAL DATA ELEMENT F, LDF (RLIN)
a 7
b cbc
c orignew
d 1
e ecip
f 20
g y-gencatlg
942 ## - ADDED ENTRY ELEMENTS (KOHA)
Source of classification or shelving scheme Library of Congress Classification
Koha item type Monograph ( Printed materials)
Holdings
Withdrawn status Lost status Source of classification or shelving scheme Damaged status Not for loan Collection code Home library Current library Shelving location Date acquired Total Checkouts Full call number Barcode Date last seen Price effective from Koha item type
    Library of Congress Classification     Main Collection ARRUPE LIBRARY ARRUPE LIBRARY Main Collection 29/01/2014   BS1171.3 .M38 2008 464122379 07/12/2016 29/01/2014 Monograph ( Printed materials)

 

Arrupe Library. PO Box MP320 Mt Pleasant, Harare, Zimbabwe
263 242 745411|librarian@aju.ac.zw